| 000 | 00756nam a2200229 i 4500 | ||
|---|---|---|---|
| 001 | 146974 | ||
| 003 | ES-MaACL | ||
| 005 | 20250806054252.0 | ||
| 007 | t| | ||
| 008 | 210812s1998 sp a 00110 spa d | ||
| 080 | _a61(0:75) | ||
| 100 | 1 |
_aCastillo-Ojugas, Antonio. _936759 |
|
| 245 | 1 | 4 |
_aUna visita médica al Museo del Prado / _cAntonio Castillo Ojugas. |
| 260 |
_aTres Cantos, Madrid : _bYou & Us, _c[1998] |
||
| 300 |
_a144 p. : _bil. col. ; _c31 cm. |
||
| 504 | _aBibliografía: p. 143-144. | ||
| 610 | 2 | 4 |
_aMuseo Nacional del Prado. _9160001 |
| 650 | 7 |
_aMedicina- _xEn el arte _2 _9148795 |
|
| 852 | 4 |
_aES-MaACL _jA-14706 _9152261 _bR.152013 _cDEPO1 _dOlim: N-7706 _hDonación: Editorial |
|
| 942 |
_2udc _cMONOGRAFIA |
||
| 999 |
_c146974 _d146974 |
||